Send Him Victorious
Novela política, se desarrolla en Inglaterra, donde se trata de dar un golpe de estado en contra de la corona y a causa de esto se dan algunos motines, protestas y actos impunes.
Zapisane w:
| 1. autor: | |
|---|---|
| Format: | Książka |
| Język: | Undetermined |
| Wydane: |
Londres, Inglaterra
The Companion Book Club
1968
|
| Hasła przedmiotowe: | |
| Etykiety: |
Dodaj etykietę
Nie ma etykietki, Dołącz pierwszą etykiete!
|
MARC
| LEADER | 00000nam a2200000Ia 4500 | ||
|---|---|---|---|
| 008 | 170316s9999 xx 000 0 und d | ||
| 040 | |a cru BVZT | ||
| 090 | |a 820 H-16s | ||
| 100 | |a Hurd, Douglas; Osmond, Andrew |9 863 | ||
| 245 | |a Send Him Victorious |c / Douglas Hurd; Andrew Osmond | ||
| 260 | |a Londres, Inglaterra | ||
| 260 | |b The Companion Book Club | ||
| 260 | |c 1968 | ||
| 300 | |a 253 páginas | ||
| 520 | |a Novela política, se desarrolla en Inglaterra, donde se trata de dar un golpe de estado en contra de la corona y a causa de esto se dan algunos motines, protestas y actos impunes. | ||
| 650 | |a LITERATURA INGLESA |9 12 | ||
| 650 | |a EN IDIOMA INGLÉS |9 129 | ||
| 650 | |a NOVELA |9 13 | ||
| 999 | |c 6927 |d 6927 | ||
| 942 | |c 15 D |h 820 H-16s |2 z | ||
